Statystyki dla Quiz wiedzy o Bhutanie

Kliknij tutaj aby rozwiązać quiz!

Ogólne statystyki

  • Ten quiz został rozwiązany 5 razy
  • Średni wynik to 3 z 7

Statystyki odpowiedzi

HintOdpowiedź% Poprawnych
Dominująca religia (75,3%)
buddyzm
100%
Z jakim krajem graniczy?Chiny/Indie
50%
Język urzędowydzongkha
50%
StolicaThimphu
50%
Najwyższy szczyt
Gangkhar Puensum
0%
Król Bhutanu od 2006.rJigme Khesar Namgyel Wangchuck
0%
Co oznacza Bhutan?Królestwo Smoka
0%

Rozkład punktacji

Percentyl według liczby udzielonych odpowiedzi

Procent ludzi z każdym wynikiem

Twoja historia wyników

Nie rozwiązałeś tego quizu